000 00459nam a2200181Ia 4500
001 4318
005 20260306145747.0
008 260306t2004||||xx |||||||||||||| ||spa||
041 _aESP
082 _a320.6098
_bT41
100 _aSaxe-Fernández, John [coord.)
_eAUT
245 0 _aTercera vía y neoliberalismo :
_bun análisis crítico
260 _c2004
300 _a321 páginas :
_ccm.
650 _aGEN
654 _aCDE
942 _cLIB
_dJUS
_fJUS
_2ddc
_n
999 _c4318
_d4318